| 000 | 00375nam a22001337a 4500 | ||
|---|---|---|---|
| 082 |
_a297.63 _bJAD |
||
| 245 |
_aJaddul Hassan e val Hussain / _ctalif Syed Abdur Rahman Bukhari |
||
| 260 |
_aPakistan: _bMadina Foundation; _c2014. |
||
| 300 | _a208p. | ||
| 563 | _aHB | ||
| 650 |
_aProphet Muhammad _9104293 |
||
| 700 |
_aSyed Abdur Rahman Bukhari _9119668 |
||
| 942 |
_2ddc _cBK |
||
| 999 |
_c606824 _d606824 |
||